| 000 | 00000nam##2200000za#4500 |
| 001 | 9.604232 |
| 003 | CaOODSP |
| 005 | 20210624211452 |
| 007 | cr ||||||||||| |
| 008 | 150406|2005||||xxc|||||o f|0| 0 fre|d |
| 040 | |aCaOODSP|bfre |
| 043 | |an-cn--- |
| 086 | 1 |aTU3-5/05-46F-PDF |
| 110 | 2 |aBureau de la sécurité des transports du Canada. |
| 245 | 10|aDislocation en vol du Boeing Vertol BV-107 II (hélicoptère) C-GHFT, exploité par Helifor Industries Limited dans le bras de mer South Bentinck (Colombie-Britannique), le 3 novembre 2005 |h[ressource électronique] |
| 260 | |aGatineau - Québec : |bBureau de la sécurité des transports du Canada |c2006. |
| 300 | |a14p.|bfigures, tableau, photographies |
| 490 | 1 |aRapport d'enquête aéronautique |vA05P0269 |
| 500 | |a« Le Bureau a autorisé la publication du rapport le 7 juillet 2006 » --p.14. |
| 590 | |a12-33-Supp|b2012-07-18 |
| 775 | 08|tIn-flight break-up - Helifor Industries Limited, Boeing Vertol BV-107 II (helicopter) C-GHFT, South Bentinck Arm, British Columbia, 03 November 2005 |w(CaOODSP)9.574488 |
| 830 | #0|aRapport d'enquête aéronautique ;|vA05P0269|w(CaOODSP)9.501229 |
| 856 | 40|ahttp://publications.gc.ca|qPDF|s407 Ko|uhttps://publications.gc.ca/collections/collection_2012/bst-tsb/TU3-5-05-46-fra.pdf|yA05P0269 |